U.S. States with the Most Bears - Statistics

General Stats
  • This quiz has been taken 28 times
  • The average score is 14 of 18
Answer Stats
Answer Estimated Bear Population % Correct
Oregon 27,500
100%
Washington 27,500
100%
Alaska 100,000
96%
California 35,000
96%
Montana 13,000
96%
Idaho 30,000
88%
Maine 35,000
88%
Colorado 18,500
85%
Michigan 12,000
81%
Minnesota 15,500
81%
Vermont 7,750
81%
New Hampshire 5,600
73%
New York 7,000
73%
Pennsylvania 20,000
69%
Virginia 18,000
69%
Wisconsin 24,000
62%
West Virginia 13,000
54%
North Carolina 20,000
50%
No matching quizzes found
Score Distribution
Percent of People with Each Score
Percentile by Number Answered
Your Score History
You have not taken this quiz